000
00293nam a2200133Ia 4500
100
_a
Courtney T.H.
942
_c
BK
654
_a
behaviour
245
_a
Mechanical behaviour materials
260
_b
Mc Graw Hill
_a
New York
_c
1990
082
_a
620.11292
300
_a
247
546
_a
ENGLISH
999
_c
31185
_d
31185